000 00392cam a2200169ua 4500
020 _c7.50
041 _ahin
_h
082 _a891.54
_bMAN/MA
100 _aMan , Norman L .
245 _aManovijnan /
_cNorman L Man.
_hTextual Documents
260 _aDelhi :
_bRajkamal Prakash ,
_c1961.
300 _a595 ; .
365 _a7.50
504 _a
942 _cBK
999 _c8193
_d8193